Цикл жизни методик анализа в лабораторно-информационных системах (ЛИС) "Химик-аналитик"; Метод оценки соответствия; № 12
| Parent link: | Метод оценки соответствия: журнал № 12.— 2007 |
|---|---|
| প্রধান লেখক: | |
| অন্যান্য লেখক: | , |
| সংক্ষিপ্ত: | Заглавие с титульного листа. Электронная версия печатной публикации. В статье авторы рассматривают жизненный цикл методики анализа и его реализацию в ЛИС «Химик-аналитик» для полноценного обеспечения автоматизации внутрилабораторных процессов |
| ভাষা: | রুশ |
| প্রকাশিত: |
2007
|
| বিষয়গুলি: | |
| অনলাইন ব্যবহার করুন: | http://www.lib.tpu.ru/fulltext/m/2010/m25.pdf |
| বিন্যাস: | বৈদ্যুতিক গ্রন্থের অধ্যায় |
| KOHA link: | https://koha.lib.tpu.ru/cgi-bin/koha/opac-detail.pl?biblionumber=595909 |
MARC
| LEADER | 00000naa0a2200000 4500 | ||
|---|---|---|---|
| 001 | 595909 | ||
| 005 | 20250318142237.0 | ||
| 035 | |a (RuTPU)RU\TPU\tpu\17797 | ||
| 090 | |a 595909 | ||
| 100 | |a 20100705d2007 k y0rusy50 ca | ||
| 101 | 0 | |a rus | |
| 102 | |a RU | ||
| 135 | |a drnn ---uucaa | ||
| 181 | 0 | |a i | |
| 182 | 0 | |a b | |
| 200 | 1 | |a Цикл жизни методик анализа в лабораторно-информационных системах (ЛИС) "Химик-аналитик" |f А. Г. Терещенко, О. В. Терещенко, Т. В. Толстихина | |
| 203 | |a Текст |c электронный | ||
| 215 | |a 1 файл (3.0 Mб) | ||
| 300 | |a Заглавие с титульного листа. | ||
| 300 | |a Электронная версия печатной публикации. | ||
| 330 | |a В статье авторы рассматривают жизненный цикл методики анализа и его реализацию в ЛИС «Химик-аналитик» для полноценного обеспечения автоматизации внутрилабораторных процессов | ||
| 337 | |a Adobe Reader | ||
| 461 | |t Метод оценки соответствия |o журнал | ||
| 463 | |t № 12 |d 2007 | ||
| 610 | 1 | |a Химик-аналитик | |
| 610 | 1 | |a испытания | |
| 610 | 1 | |a измерения | |
| 610 | 1 | |a анализ | |
| 610 | 1 | |a труды учёных ТПУ | |
| 610 | 1 | |a электронный ресурс | |
| 700 | 1 | |a Терещенко |b А. Г. |c химик-технолог |c заведующий лабораторией Томского политехнического университета, кандидат технических наук |f 1946- |g Анатолий Георгиевич |3 (RuTPU)RU\TPU\pers\25305 |9 11303 | |
| 701 | 1 | |a Терещенко |b О. В. |c НИИ ВН |c Зав. лабораторией информационных технологий №7, кандидат технических наук, старший научный сотрудник |g Ольга Васильевна |3 (RuTPU)RU\TPU\pers\25711 | |
| 701 | 1 | |a Толстихина |b Т. В. | |
| 801 | 2 | |a RU |b 63413507 |c 20100705 |g RCR | |
| 856 | 4 | |u http://www.lib.tpu.ru/fulltext/m/2010/m25.pdf | |
| 942 | |c CF | ||